Lý thuyết đàn hồi

Đã lưu trong:
Bibliografiske detaljer
Hovedforfatter: L D Landau
Format: Bog
Sprog:Undetermined
Udgivet: Hà Nội KHKT 1976
Fag:
Tags: Tilføj Tag
Ingen Tags, Vær først til at tagge denne postø!
Thư viện lưu trữ: Trung tâm Học liệu Trường Đại học Cần Thơ
LEADER 00451nam a2200169Ia 4500
001 CTU_2273
008 210402s9999 xx 000 0 und d
082 |a 531.3823 
082 |b L253 
100 |a L D Landau 
245 0 |a Lý thuyết đàn hồi 
245 0 |c L D Landau, Đặng Quang Khang 
260 |a Hà Nội 
260 |b KHKT 
260 |c 1976 
650 |a elasticity 
980 |a Trung tâm Học liệu Trường Đại học Cần Thơ